000 00513cam a22001932 4500
001 0000020790
005 20151217152221.0
008 111017s xx 000 0 eng d
020 _a0415457019 :
040 _aKABU
_cKABU
245 1 0 _aHuman rights law 2010-2011.
250 _a3rd ed.
260 _aNew york :
_bRoutledge,
_c2010.
300 _axx, 112 p.
650 0 _aHuman rights.
_@0000150298
852 1 _9p1470.95 KES
908 _a111017
950 _@1
999 _c9503
_d9503